Statistics for PokéPark 2 Wonders Beyond: Arbor Area Pokémon

Click here to take the quiz!

General Stats

  • This quiz has been taken 36 times
  • The average score is 31 of 43

Answer Stats

HintAnswer% Correct
#58Amoongus
84%
#57Foongus
84%
#67Leavanny
84%
#61Magikarp
84%
#60Seismitoad
84%
#69Serperior
84%
#54Bisharp
79%
#87Burmy
79%
#70Deerling
79%
#81Ducklett
79%
#45Karrablast
79%
#68Lilligant
79%
#53Pawniard
79%
#76Scolipede
79%
#49Scyther
79%
#66Sewaddle
79%
#65Snorlax
79%
#78Surskit
79%
#51Zorua
79%
#46Cottonee
74%
#80Dugtrio
74%
#83Excadrill
74%
#64Kakuna
74%
#63Mankey
74%
#72Psyduck
74%
#77Skiploom
74%
#59Tympole
74%
#75Whirlipede
74%
#52Zoroark
74%
#79Basculin
68%
#48Caterpie
68%
#62Oddish
68%
#82Stunfisk
68%
#50Sudowoodo
68%
#74Venipede
68%
#47Whimsicott
68%
#85Ferrothorn
63%
#56Leafeon
63%
#84Woobat
63%
#86Bronzong
58%
#71Vaporeon
53%
#55Buneary
47%
#73Shroomish
37%

Score Distribution

Percentile by Number Answered

Percent of People with Each Score

Your Score History

You have not taken this quiz